False flat : (Record no. 353205)

000 -LEADER
fixed length control field 00838 a2200265 4500
003 - CONTROL NUMBER IDENTIFIER
control field OSt
005 - DATE AND TIME OF LATEST TRANSACTION
control field 20180116192358.0
008 - FIXED-LENGTH DATA ELEMENTS--GENERAL INFORMATION
fixed length control field 120702t xxu||||| |||| 00| 0 eng d
010 ## - LIBRARY OF CONGRESS CONTROL NUMBER
LC control number 2005360280
020 ## - INTERNATIONAL STANDARD BOOK NUMBER
International Standard Book Number 0714840696
020 ## - INTERNATIONAL STANDARD BOOK NUMBER
International Standard Book Number 9780714848617
035 ## - SYSTEM CONTROL NUMBER
System control number (OCoLC)ocm56449864
040 ## - CATALOGING SOURCE
Transcribing agency 0
082 04 - DEWEY DECIMAL CLASSIFICATION NUMBER
Classification number 720.9492
100 1# - MAIN ENTRY--PERSONAL NAME
Personal name Betsky, Aaron.
9 (RLIN) 5215
245 10 - TITLE STATEMENT
Title False flat :
Remainder of title why Dutch design is so good /
Statement of responsibility, etc. Aaron Betsky with Adam Eeuwens.
260 ## - PUBLICATION, DISTRIBUTION, ETC.
Place of publication, distribution, etc. London :
Name of publisher, distributor, etc. Phaidon,
Date of publication, distribution, etc. 2004.
300 ## - PHYSICAL DESCRIPTION
Extent [400] p. :
Other physical details col. ill., map ;
Dimensions 25 cm.
650 10 - SUBJECT ADDED ENTRY--TOPICAL TERM
Topical term or geographic name entry element Architecture
Geographic subdivision Netherlands.
9 (RLIN) 5216
650 10 - SUBJECT ADDED ENTRY--TOPICAL TERM
Topical term or geographic name entry element City planning
Geographic subdivision Netherlands.
9 (RLIN) 5217
650 10 - SUBJECT ADDED ENTRY--TOPICAL TERM
Topical term or geographic name entry element Design
Geographic subdivision Netherlands.
9 (RLIN) 5218
700 1# - ADDED ENTRY--PERSONAL NAME
Personal name Eeuwens, Adam.
9 (RLIN) 5219
942 ## - ADDED ENTRY ELEMENTS (KOHA)
Institution code [OBSOLETE] SADA
Koha item type Book
Call number prefix 720.9492 BET 2004
Source of classification or shelving scheme
952 ## - LOCATION AND ITEM INFORMATION (KOHA)
-- BOOK
Holdings
Withdrawn status Lost status Source of classification or shelving scheme Damaged status Not for loan Permanent Location Current Location Date acquired Total Checkouts Full call number Barcode Date last seen Date last checked out Cost, replacement price Price effective from Koha item type
          School of Art Design and Architecture (SADA) School of Art Design and Architecture (SADA) 06/29/2011 1 720.9492 BET 2004 SADA0001466 12/12/2012 11/30/2012 2207.00 08/05/2011 Book
© 2023 Central Library, National University of Sciences and Technology. All Rights Reserved.